| 000 | 00903nam a22002777a 4500 | ||
|---|---|---|---|
| 001 | BR8901983 | ||
| 003 | BR-BrBNA | ||
| 005 | 20230928093209.0 | ||
| 007 | ta | ||
| 008 | 230509b bl.||||| |||| 00| 0 por d | ||
| 040 |
_aBR-BrBNA _bpor _cBiblioteca Nacional de Agricultura |
||
| 041 | _a(Por) | ||
| 072 |
_aL02 _b5300 _b1580 |
||
| 090 | _ 5300 BR8901983 | ||
| 100 | 1 | _aMoita, A.M.S. | |
| 110 | 1 |
_aUniversidade Federal de Vicosa, MG (Brasil) _0Tese (Magister Scientiae) |
|
| 245 | 1 | _aUtilizacao da raspa de batata-doce (Ipomoea batatas Poir)na alimentacao de suinos na fase inicial | |
| 260 | 3 |
_aVicosa, MG (Brasil): _c1988. |
|
| 300 | _a42 p. | ||
| 500 | _a9 tables; 42 ref.; Summary (Por). (*) Documento disponível na(o) Universidade Federal de Vicosa, MG (Brazil) | ||
| 650 | _aSUINO | ||
| 650 | _aBATATA DOCE | ||
| 650 | _aRASPA | ||
| 909 |
_a202309 _bLucia _c55 _dLucia Elande |
||
| 942 | _cBK | ||
| 999 |
_c43561 _d43561 |
||